<?xml version="1.0" encoding="UTF-8"?>
<record
    xmlns:xsi="http://www.w3.org/2001/XMLSchema-instance"
    xsi:schemaLocation="http://www.loc.gov/MARC21/slim http://www.loc.gov/standards/marcxml/schema/MARC21slim.xsd"
    xmlns="http://www.loc.gov/MARC21/slim">

  <leader>01095nam a2200325 u 4500</leader>
  <controlfield tag="001">1327940</controlfield>
  <controlfield tag="005">20260508075721.0</controlfield>
  <controlfield tag="008">130515m20122014                    spa  </controlfield>
  <datafield tag="020" ind1=" " ind2=" ">
    <subfield code="a">9789588790251</subfield>
  </datafield>
  <datafield tag="035" ind1=" " ind2=" ">
    <subfield code="a">1327940</subfield>
  </datafield>
  <datafield tag="040" ind1=" " ind2=" ">
    <subfield code="c">comduadb</subfield>
  </datafield>
  <datafield tag="041" ind1=" " ind2=" ">
    <subfield code="a">spa</subfield>
  </datafield>
  <datafield tag="080" ind1=" " ind2=" ">
    <subfield code="a">A</subfield>
  </datafield>
  <datafield tag="082" ind1=" " ind2="4">
    <subfield code="a">530</subfield>
  </datafield>
  <datafield tag="110" ind1="2" ind2="0">
    <subfield code="a">Universidad de Antioquia.</subfield>
    <subfield code="b">Facultad de Ingenier&#xED;a</subfield>
    <subfield code="4">aut</subfield>
    <subfield code="e">aut</subfield>
    <subfield code="9">824071</subfield>
  </datafield>
  <datafield tag="245" ind1="1" ind2="0">
    <subfield code="a">Descubriendo la f&#xED;sica: gu&#xED;as de autoevaluaci&#xF3;n</subfield>
  </datafield>
  <datafield tag="260" ind1=" " ind2=" ">
    <subfield code="a">Medell&#xED;n :</subfield>
    <subfield code="b">Editorial Universidad de Antioquia,</subfield>
    <subfield code="c">2012, 2014 reimp.</subfield>
  </datafield>
  <datafield tag="300" ind1=" " ind2=" ">
    <subfield code="a">66 p&#xE1;ginas</subfield>
  </datafield>
  <datafield tag="490" ind1="0" ind2=" ">
    <subfield code="a">Ude@ Educaci&#xF3;n a Distancia para Ser, Saber y Saber Hacer</subfield>
  </datafield>
  <datafield tag="650" ind1=" " ind2="7">
    <subfield code="a">F&#xED;sica</subfield>
    <subfield code="2">lemb</subfield>
    <subfield code="9">28205</subfield>
  </datafield>
  <datafield tag="650" ind1=" " ind2=" ">
    <subfield code="a">Ondas mec&#xE1;nicas</subfield>
    <subfield code="9">29717</subfield>
  </datafield>
  <datafield tag="650" ind1=" " ind2=" ">
    <subfield code="a">Mec&#xE1;nica termodin&#xE1;mica</subfield>
    <subfield code="9">195784</subfield>
  </datafield>
  <datafield tag="650" ind1=" " ind2="7">
    <subfield code="a">Electrost&#xE1;tica</subfield>
    <subfield code="2">lemb</subfield>
    <subfield code="9">71752</subfield>
  </datafield>
  <datafield tag="650" ind1=" " ind2="7">
    <subfield code="a">Electromagnetismo</subfield>
    <subfield code="2">lemb</subfield>
    <subfield code="9">67898</subfield>
  </datafield>
  <datafield tag="650" ind1=" " ind2="7">
    <subfield code="a">F&#xED;sica</subfield>
    <subfield code="x">Ense&#xF1;anza</subfield>
    <subfield code="2">lemb</subfield>
    <subfield code="9">7174</subfield>
  </datafield>
  <datafield tag="650" ind1=" " ind2=" ">
    <subfield code="a">Multimedia interactiva</subfield>
    <subfield code="9">32557</subfield>
  </datafield>
  <datafield tag="650" ind1=" " ind2="7">
    <subfield code="a">Materiales de ense&#xF1;anza</subfield>
    <subfield code="2">lemb</subfield>
    <subfield code="9">860071</subfield>
  </datafield>
  <datafield tag="700" ind1="1" ind2="0">
    <subfield code="a">Panesso C&#xE1;rdenas, &#xD3;scar Hernando</subfield>
    <subfield code="4">aut</subfield>
    <subfield code="e">aut</subfield>
    <subfield code="9">287514</subfield>
  </datafield>
  <datafield tag="942" ind1=" " ind2=" ">
    <subfield code="c">BOOK</subfield>
  </datafield>
  <datafield tag="999" ind1=" " ind2=" ">
    <subfield code="c">650945</subfield>
    <subfield code="d">650945</subfield>
  </datafield>
  <datafield tag="952" ind1=" " ind2=" ">
    <subfield code="0">0</subfield>
    <subfield code="1">0</subfield>
    <subfield code="4">0</subfield>
    <subfield code="7">0</subfield>
    <subfield code="8">GENERAL</subfield>
    <subfield code="a">PTOBE</subfield>
    <subfield code="b">PTOBE</subfield>
    <subfield code="d">2014-11-25</subfield>
    <subfield code="e">Material adquirido por donaci&#xF3;n</subfield>
    <subfield code="i">C1217981</subfield>
    <subfield code="l">0</subfield>
    <subfield code="o">530 P191gu</subfield>
    <subfield code="p">0997397</subfield>
    <subfield code="r">2026-02-18 08:47:01</subfield>
    <subfield code="t">1</subfield>
    <subfield code="w">2023-05-02</subfield>
    <subfield code="y">BOOK</subfield>
  </datafield>
  <datafield tag="952" ind1=" " ind2=" ">
    <subfield code="0">0</subfield>
    <subfield code="1">0</subfield>
    <subfield code="4">0</subfield>
    <subfield code="7">0</subfield>
    <subfield code="8">GENERAL</subfield>
    <subfield code="a">SCDM</subfield>
    <subfield code="b">SCDM</subfield>
    <subfield code="d">2014-09-25</subfield>
    <subfield code="e">Material adquirido por donaci&#xF3;n</subfield>
    <subfield code="i">C1213388</subfield>
    <subfield code="l">0</subfield>
    <subfield code="o">530 P191gu</subfield>
    <subfield code="p">0997522</subfield>
    <subfield code="r">2023-05-02 00:00:00</subfield>
    <subfield code="t">2</subfield>
    <subfield code="w">2023-05-02</subfield>
    <subfield code="y">BOOK</subfield>
  </datafield>
  <datafield tag="952" ind1=" " ind2=" ">
    <subfield code="0">0</subfield>
    <subfield code="1">0</subfield>
    <subfield code="4">0</subfield>
    <subfield code="7">0</subfield>
    <subfield code="8">GENERAL</subfield>
    <subfield code="a">PTOBE</subfield>
    <subfield code="b">PTOBE</subfield>
    <subfield code="d">2014-11-25</subfield>
    <subfield code="e">Material adquirido por donaci&#xF3;n</subfield>
    <subfield code="i">C1217983</subfield>
    <subfield code="l">0</subfield>
    <subfield code="o">530 P191gu e2</subfield>
    <subfield code="p">0997396</subfield>
    <subfield code="r">2023-05-02 00:00:00</subfield>
    <subfield code="t">3</subfield>
    <subfield code="w">2023-05-02</subfield>
    <subfield code="y">BOOK</subfield>
  </datafield>
  <datafield tag="952" ind1=" " ind2=" ">
    <subfield code="0">0</subfield>
    <subfield code="1">0</subfield>
    <subfield code="4">0</subfield>
    <subfield code="7">0</subfield>
    <subfield code="8">GENERAL</subfield>
    <subfield code="a">CENDI</subfield>
    <subfield code="b">CENDI</subfield>
    <subfield code="d">2013-05-15</subfield>
    <subfield code="i">C1175382</subfield>
    <subfield code="l">0</subfield>
    <subfield code="o">A 06191 e3</subfield>
    <subfield code="p">787712</subfield>
    <subfield code="r">2025-01-29 00:00:00</subfield>
    <subfield code="t">4</subfield>
    <subfield code="w">2023-05-02</subfield>
    <subfield code="y">BOOK</subfield>
  </datafield>
  <datafield tag="952" ind1=" " ind2=" ">
    <subfield code="0">0</subfield>
    <subfield code="1">0</subfield>
    <subfield code="4">0</subfield>
    <subfield code="7">0</subfield>
    <subfield code="8">GENERAL</subfield>
    <subfield code="a">PTOBE</subfield>
    <subfield code="b">PTOBE</subfield>
    <subfield code="d">2014-11-25</subfield>
    <subfield code="e">Material adquirido por donaci&#xF3;n</subfield>
    <subfield code="i">C1217984</subfield>
    <subfield code="l">0</subfield>
    <subfield code="o">530 P191gu e3</subfield>
    <subfield code="p">0997395</subfield>
    <subfield code="r">2023-05-02 00:00:00</subfield>
    <subfield code="t">5</subfield>
    <subfield code="w">2023-05-02</subfield>
    <subfield code="y">BOOK</subfield>
  </datafield>
  <datafield tag="952" ind1=" " ind2=" ">
    <subfield code="0">0</subfield>
    <subfield code="1">0</subfield>
    <subfield code="4">0</subfield>
    <subfield code="7">0</subfield>
    <subfield code="8">GEN</subfield>
    <subfield code="a">BC</subfield>
    <subfield code="b">BC</subfield>
    <subfield code="d">2014-08-27</subfield>
    <subfield code="e">Material adquirido por donaci&#xF3;n</subfield>
    <subfield code="g">3500.00</subfield>
    <subfield code="i">C1211149</subfield>
    <subfield code="l">1</subfield>
    <subfield code="o">530 P191gu</subfield>
    <subfield code="p">01000709</subfield>
    <subfield code="r">2026-04-21 17:10:21</subfield>
    <subfield code="s">2026-04-21</subfield>
    <subfield code="t">6</subfield>
    <subfield code="w">2023-05-02</subfield>
    <subfield code="y">BOOKI</subfield>
  </datafield>
  <datafield tag="952" ind1=" " ind2=" ">
    <subfield code="0">0</subfield>
    <subfield code="1">0</subfield>
    <subfield code="4">0</subfield>
    <subfield code="7">0</subfield>
    <subfield code="8">GENERAL</subfield>
    <subfield code="a">CAUCA</subfield>
    <subfield code="b">CAUCA</subfield>
    <subfield code="d">2014-12-09</subfield>
    <subfield code="e">Material adquirido por donaci&#xF3;n</subfield>
    <subfield code="i">C1218755</subfield>
    <subfield code="l">0</subfield>
    <subfield code="o">530 P191gu</subfield>
    <subfield code="p">0997474</subfield>
    <subfield code="r">2023-05-02 00:00:00</subfield>
    <subfield code="t">7</subfield>
    <subfield code="w">2023-05-02</subfield>
    <subfield code="y">BOOK</subfield>
  </datafield>
  <datafield tag="952" ind1=" " ind2=" ">
    <subfield code="0">0</subfield>
    <subfield code="1">0</subfield>
    <subfield code="4">0</subfield>
    <subfield code="7">0</subfield>
    <subfield code="8">GENERAL</subfield>
    <subfield code="a">SCDM</subfield>
    <subfield code="b">SCDM</subfield>
    <subfield code="d">2014-09-25</subfield>
    <subfield code="e">Material adquirido por donaci&#xF3;n</subfield>
    <subfield code="i">C1213389</subfield>
    <subfield code="l">0</subfield>
    <subfield code="o">530 P191gu e2</subfield>
    <subfield code="p">0997521</subfield>
    <subfield code="r">2023-05-02 00:00:00</subfield>
    <subfield code="t">8</subfield>
    <subfield code="w">2023-05-02</subfield>
    <subfield code="y">BOOKR</subfield>
  </datafield>
  <datafield tag="952" ind1=" " ind2=" ">
    <subfield code="0">0</subfield>
    <subfield code="1">0</subfield>
    <subfield code="4">0</subfield>
    <subfield code="7">0</subfield>
    <subfield code="8">GENERAL</subfield>
    <subfield code="a">CAUCA</subfield>
    <subfield code="b">CAUCA</subfield>
    <subfield code="d">2014-12-09</subfield>
    <subfield code="e">Material adquirido por donaci&#xF3;n</subfield>
    <subfield code="i">C1218756</subfield>
    <subfield code="l">0</subfield>
    <subfield code="o">530 P191gu e2</subfield>
    <subfield code="p">0997475</subfield>
    <subfield code="r">2023-05-02 00:00:00</subfield>
    <subfield code="t">9</subfield>
    <subfield code="w">2023-05-02</subfield>
    <subfield code="y">BOOK</subfield>
  </datafield>
  <datafield tag="952" ind1=" " ind2=" ">
    <subfield code="0">0</subfield>
    <subfield code="1">0</subfield>
    <subfield code="4">0</subfield>
    <subfield code="7">0</subfield>
    <subfield code="8">GENERAL</subfield>
    <subfield code="a">CENDI</subfield>
    <subfield code="b">CENDI</subfield>
    <subfield code="d">2013-05-15</subfield>
    <subfield code="i">C1175383</subfield>
    <subfield code="l">1</subfield>
    <subfield code="o">A 06191 e4</subfield>
    <subfield code="p">787713</subfield>
    <subfield code="r">2025-01-29 00:00:00</subfield>
    <subfield code="s">2023-08-14</subfield>
    <subfield code="t">10</subfield>
    <subfield code="w">2023-05-02</subfield>
    <subfield code="y">BOOK</subfield>
  </datafield>
  <datafield tag="952" ind1=" " ind2=" ">
    <subfield code="0">0</subfield>
    <subfield code="1">0</subfield>
    <subfield code="4">0</subfield>
    <subfield code="7">0</subfield>
    <subfield code="8">GENERAL</subfield>
    <subfield code="a">SCDM</subfield>
    <subfield code="b">SCDM</subfield>
    <subfield code="d">2014-09-25</subfield>
    <subfield code="e">Material adquirido por donaci&#xF3;n</subfield>
    <subfield code="i">C1213391</subfield>
    <subfield code="l">0</subfield>
    <subfield code="o">530 P191gu e3</subfield>
    <subfield code="p">0997520</subfield>
    <subfield code="r">2023-05-02 00:00:00</subfield>
    <subfield code="t">11</subfield>
    <subfield code="w">2023-05-02</subfield>
    <subfield code="y">BOOK</subfield>
  </datafield>
  <datafield tag="952" ind1=" " ind2=" ">
    <subfield code="0">0</subfield>
    <subfield code="1">0</subfield>
    <subfield code="4">0</subfield>
    <subfield code="7">0</subfield>
    <subfield code="8">GENERAL</subfield>
    <subfield code="a">CAUCA</subfield>
    <subfield code="b">CAUCA</subfield>
    <subfield code="d">2014-12-09</subfield>
    <subfield code="e">Material adquirido por donaci&#xF3;n</subfield>
    <subfield code="i">C1218758</subfield>
    <subfield code="l">0</subfield>
    <subfield code="o">530 P191gu e3</subfield>
    <subfield code="p">0997476</subfield>
    <subfield code="r">2023-05-02 00:00:00</subfield>
    <subfield code="t">12</subfield>
    <subfield code="w">2023-05-02</subfield>
    <subfield code="y">BOOK</subfield>
  </datafield>
  <datafield tag="952" ind1=" " ind2=" ">
    <subfield code="0">0</subfield>
    <subfield code="1">0</subfield>
    <subfield code="4">0</subfield>
    <subfield code="7">0</subfield>
    <subfield code="8">GENERAL</subfield>
    <subfield code="a">ANDES</subfield>
    <subfield code="b">ANDES</subfield>
    <subfield code="d">2015-01-15</subfield>
    <subfield code="e">Material adquirido por donaci&#xF3;n</subfield>
    <subfield code="i">C1219355</subfield>
    <subfield code="l">0</subfield>
    <subfield code="o">530 P191gu</subfield>
    <subfield code="p">0997366</subfield>
    <subfield code="r">2023-05-02 00:00:00</subfield>
    <subfield code="t">13</subfield>
    <subfield code="w">2023-05-02</subfield>
    <subfield code="y">BOOK</subfield>
  </datafield>
  <datafield tag="952" ind1=" " ind2=" ">
    <subfield code="0">0</subfield>
    <subfield code="1">0</subfield>
    <subfield code="4">0</subfield>
    <subfield code="7">0</subfield>
    <subfield code="8">GEN</subfield>
    <subfield code="a">BC</subfield>
    <subfield code="b">BC</subfield>
    <subfield code="d">2014-08-27</subfield>
    <subfield code="e">Material adquirido por donaci&#xF3;n</subfield>
    <subfield code="g">3500.00</subfield>
    <subfield code="i">C1211153</subfield>
    <subfield code="l">2</subfield>
    <subfield code="o">530 P191gu e2</subfield>
    <subfield code="p">01000714</subfield>
    <subfield code="r">2026-05-11 15:34:00</subfield>
    <subfield code="s">2026-04-21</subfield>
    <subfield code="t">14</subfield>
    <subfield code="w">2023-05-02</subfield>
    <subfield code="y">BOOKR</subfield>
  </datafield>
  <datafield tag="952" ind1=" " ind2=" ">
    <subfield code="0">0</subfield>
    <subfield code="1">0</subfield>
    <subfield code="4">0</subfield>
    <subfield code="7">0</subfield>
    <subfield code="8">GENERAL</subfield>
    <subfield code="a">BSONS</subfield>
    <subfield code="b">BSONS</subfield>
    <subfield code="d">2014-10-15</subfield>
    <subfield code="e">Material adquirido por donaci&#xF3;n</subfield>
    <subfield code="i">C1214674</subfield>
    <subfield code="l">0</subfield>
    <subfield code="o">530 P191gu</subfield>
    <subfield code="p">0997626</subfield>
    <subfield code="r">2023-05-02 00:00:00</subfield>
    <subfield code="t">15</subfield>
    <subfield code="w">2023-05-02</subfield>
    <subfield code="y">BOOK</subfield>
  </datafield>
  <datafield tag="952" ind1=" " ind2=" ">
    <subfield code="0">0</subfield>
    <subfield code="1">0</subfield>
    <subfield code="4">0</subfield>
    <subfield code="7">0</subfield>
    <subfield code="8">GENERAL</subfield>
    <subfield code="a">ANDES</subfield>
    <subfield code="b">ANDES</subfield>
    <subfield code="d">2015-01-15</subfield>
    <subfield code="e">Material adquirido por donaci&#xF3;n</subfield>
    <subfield code="i">C1219356</subfield>
    <subfield code="l">0</subfield>
    <subfield code="o">530 P191gu e2</subfield>
    <subfield code="p">0997360</subfield>
    <subfield code="r">2023-05-02 00:00:00</subfield>
    <subfield code="t">16</subfield>
    <subfield code="w">2023-05-02</subfield>
    <subfield code="y">BOOK</subfield>
  </datafield>
  <datafield tag="952" ind1=" " ind2=" ">
    <subfield code="0">0</subfield>
    <subfield code="1">0</subfield>
    <subfield code="4">0</subfield>
    <subfield code="7">0</subfield>
    <subfield code="8">GENERAL</subfield>
    <subfield code="a">ANDES</subfield>
    <subfield code="b">ANDES</subfield>
    <subfield code="d">2015-01-15</subfield>
    <subfield code="e">Material adquirido por donaci&#xF3;n</subfield>
    <subfield code="i">C1219358</subfield>
    <subfield code="l">0</subfield>
    <subfield code="o">530 P191gu e3</subfield>
    <subfield code="p">0997359</subfield>
    <subfield code="r">2023-05-02 00:00:00</subfield>
    <subfield code="t">17</subfield>
    <subfield code="w">2023-05-02</subfield>
    <subfield code="y">BOOK</subfield>
  </datafield>
  <datafield tag="952" ind1=" " ind2=" ">
    <subfield code="0">0</subfield>
    <subfield code="1">0</subfield>
    <subfield code="4">0</subfield>
    <subfield code="7">0</subfield>
    <subfield code="8">GENERAL</subfield>
    <subfield code="a">BSONS</subfield>
    <subfield code="b">BSONS</subfield>
    <subfield code="d">2014-10-15</subfield>
    <subfield code="e">Material adquirido por donaci&#xF3;n</subfield>
    <subfield code="i">C1214675</subfield>
    <subfield code="l">0</subfield>
    <subfield code="o">530 P191gu e2</subfield>
    <subfield code="p">0997627</subfield>
    <subfield code="r">2023-05-02 00:00:00</subfield>
    <subfield code="t">18</subfield>
    <subfield code="w">2023-05-02</subfield>
    <subfield code="y">BOOK</subfield>
  </datafield>
  <datafield tag="952" ind1=" " ind2=" ">
    <subfield code="0">0</subfield>
    <subfield code="1">0</subfield>
    <subfield code="4">0</subfield>
    <subfield code="7">0</subfield>
    <subfield code="8">GENERAL</subfield>
    <subfield code="a">CENDI</subfield>
    <subfield code="b">CENDI</subfield>
    <subfield code="d">2013-05-15</subfield>
    <subfield code="i">C1175384</subfield>
    <subfield code="l">0</subfield>
    <subfield code="o">A 06191 e5</subfield>
    <subfield code="p">785419</subfield>
    <subfield code="r">2025-01-29 00:00:00</subfield>
    <subfield code="t">19</subfield>
    <subfield code="w">2023-05-02</subfield>
    <subfield code="y">BOOK</subfield>
  </datafield>
  <datafield tag="952" ind1=" " ind2=" ">
    <subfield code="0">0</subfield>
    <subfield code="1">0</subfield>
    <subfield code="4">0</subfield>
    <subfield code="7">0</subfield>
    <subfield code="8">GENERAL</subfield>
    <subfield code="a">BSONS</subfield>
    <subfield code="b">BSONS</subfield>
    <subfield code="d">2014-10-15</subfield>
    <subfield code="e">Material adquirido por donaci&#xF3;n</subfield>
    <subfield code="i">C1214676</subfield>
    <subfield code="l">0</subfield>
    <subfield code="o">530 P191gu e3</subfield>
    <subfield code="p">0997628</subfield>
    <subfield code="r">2023-05-02 00:00:00</subfield>
    <subfield code="t">20</subfield>
    <subfield code="w">2023-05-02</subfield>
    <subfield code="y">BOOK</subfield>
  </datafield>
  <datafield tag="952" ind1=" " ind2=" ">
    <subfield code="0">0</subfield>
    <subfield code="1">0</subfield>
    <subfield code="4">0</subfield>
    <subfield code="7">0</subfield>
    <subfield code="8">GEN</subfield>
    <subfield code="a">BC</subfield>
    <subfield code="b">BC</subfield>
    <subfield code="d">2014-08-27</subfield>
    <subfield code="e">Material adquirido por donaci&#xF3;n</subfield>
    <subfield code="g">3500.00</subfield>
    <subfield code="i">C1211155</subfield>
    <subfield code="l">7</subfield>
    <subfield code="o">530 P191gu e3</subfield>
    <subfield code="p">01000713</subfield>
    <subfield code="r">2025-12-04 17:34:32</subfield>
    <subfield code="s">2024-11-06</subfield>
    <subfield code="t">21</subfield>
    <subfield code="w">2023-05-02</subfield>
    <subfield code="y">BOOKR</subfield>
  </datafield>
  <datafield tag="952" ind1=" " ind2=" ">
    <subfield code="0">0</subfield>
    <subfield code="1">0</subfield>
    <subfield code="4">0</subfield>
    <subfield code="7">0</subfield>
    <subfield code="8">GENERAL</subfield>
    <subfield code="a">BNORD</subfield>
    <subfield code="b">BNORD</subfield>
    <subfield code="d">2014-10-22</subfield>
    <subfield code="e">Material adquirido por donaci&#xF3;n</subfield>
    <subfield code="i">C1215234</subfield>
    <subfield code="l">0</subfield>
    <subfield code="o">530 P191gu</subfield>
    <subfield code="p">0997434</subfield>
    <subfield code="r">2023-05-02 00:00:00</subfield>
    <subfield code="t">22</subfield>
    <subfield code="w">2023-05-02</subfield>
    <subfield code="y">BOOK</subfield>
  </datafield>
  <datafield tag="952" ind1=" " ind2=" ">
    <subfield code="0">0</subfield>
    <subfield code="1">0</subfield>
    <subfield code="4">0</subfield>
    <subfield code="7">0</subfield>
    <subfield code="8">GENERAL</subfield>
    <subfield code="a">CENDI</subfield>
    <subfield code="b">CENDI</subfield>
    <subfield code="d">2013-05-15</subfield>
    <subfield code="i">C1175385</subfield>
    <subfield code="l">0</subfield>
    <subfield code="o">A 06191 e2</subfield>
    <subfield code="p">790533</subfield>
    <subfield code="r">2025-01-29 00:00:00</subfield>
    <subfield code="t">23</subfield>
    <subfield code="w">2023-05-02</subfield>
    <subfield code="y">BOOK</subfield>
  </datafield>
  <datafield tag="952" ind1=" " ind2=" ">
    <subfield code="0">0</subfield>
    <subfield code="1">0</subfield>
    <subfield code="4">0</subfield>
    <subfield code="7">0</subfield>
    <subfield code="8">GENERAL</subfield>
    <subfield code="a">BSEGO</subfield>
    <subfield code="b">BSEGO</subfield>
    <subfield code="d">2014-09-04</subfield>
    <subfield code="e">Material adquirido por donaci&#xF3;n</subfield>
    <subfield code="i">C1211698</subfield>
    <subfield code="l">0</subfield>
    <subfield code="o">530 P191gu</subfield>
    <subfield code="p">0997450</subfield>
    <subfield code="r">2023-05-02 00:00:00</subfield>
    <subfield code="t">24</subfield>
    <subfield code="w">2023-05-02</subfield>
    <subfield code="y">BOOKR</subfield>
  </datafield>
  <datafield tag="952" ind1=" " ind2=" ">
    <subfield code="0">0</subfield>
    <subfield code="1">0</subfield>
    <subfield code="4">0</subfield>
    <subfield code="7">0</subfield>
    <subfield code="8">GENERAL</subfield>
    <subfield code="a">BNORD</subfield>
    <subfield code="b">BNORD</subfield>
    <subfield code="d">2014-10-22</subfield>
    <subfield code="e">Material adquirido por donaci&#xF3;n</subfield>
    <subfield code="i">C1215236</subfield>
    <subfield code="l">1</subfield>
    <subfield code="o">530 P191gu e2</subfield>
    <subfield code="p">0997443</subfield>
    <subfield code="r">2023-09-15 00:00:00</subfield>
    <subfield code="s">2023-08-18</subfield>
    <subfield code="t">25</subfield>
    <subfield code="w">2023-05-02</subfield>
    <subfield code="y">BOOK</subfield>
  </datafield>
  <datafield tag="952" ind1=" " ind2=" ">
    <subfield code="0">0</subfield>
    <subfield code="1">0</subfield>
    <subfield code="4">0</subfield>
    <subfield code="7">0</subfield>
    <subfield code="8">GENERAL</subfield>
    <subfield code="a">BNORD</subfield>
    <subfield code="b">BNORD</subfield>
    <subfield code="d">2014-10-22</subfield>
    <subfield code="e">Material adquirido por donaci&#xF3;n</subfield>
    <subfield code="i">C1215237</subfield>
    <subfield code="l">1</subfield>
    <subfield code="o">530 P191gu e3</subfield>
    <subfield code="p">0997442</subfield>
    <subfield code="r">2023-09-30 00:00:00</subfield>
    <subfield code="s">2023-09-11</subfield>
    <subfield code="t">26</subfield>
    <subfield code="w">2023-05-02</subfield>
    <subfield code="y">BOOK</subfield>
  </datafield>
  <datafield tag="952" ind1=" " ind2=" ">
    <subfield code="0">0</subfield>
    <subfield code="1">0</subfield>
    <subfield code="4">0</subfield>
    <subfield code="7">0</subfield>
    <subfield code="8">GENERAL</subfield>
    <subfield code="a">BSEGO</subfield>
    <subfield code="b">BSEGO</subfield>
    <subfield code="d">2014-09-04</subfield>
    <subfield code="e">Material adquirido por donaci&#xF3;n</subfield>
    <subfield code="i">C1211700</subfield>
    <subfield code="l">0</subfield>
    <subfield code="o">530 P191gu e2</subfield>
    <subfield code="p">0997600</subfield>
    <subfield code="r">2023-05-02 00:00:00</subfield>
    <subfield code="t">27</subfield>
    <subfield code="w">2023-05-02</subfield>
    <subfield code="y">BOOK</subfield>
  </datafield>
  <datafield tag="952" ind1=" " ind2=" ">
    <subfield code="0">0</subfield>
    <subfield code="1">0</subfield>
    <subfield code="4">0</subfield>
    <subfield code="7">0</subfield>
    <subfield code="8">GENERAL</subfield>
    <subfield code="a">CENDI</subfield>
    <subfield code="b">CENDI</subfield>
    <subfield code="d">2013-05-15</subfield>
    <subfield code="i">C1175387</subfield>
    <subfield code="l">0</subfield>
    <subfield code="o">A 06191 e1</subfield>
    <subfield code="p">785912</subfield>
    <subfield code="r">2025-01-29 00:00:00</subfield>
    <subfield code="t">28</subfield>
    <subfield code="w">2023-05-02</subfield>
    <subfield code="y">BOOK</subfield>
  </datafield>
  <datafield tag="952" ind1=" " ind2=" ">
    <subfield code="0">0</subfield>
    <subfield code="1">0</subfield>
    <subfield code="4">0</subfield>
    <subfield code="7">0</subfield>
    <subfield code="8">GENERAL</subfield>
    <subfield code="a">BSEGO</subfield>
    <subfield code="b">BSEGO</subfield>
    <subfield code="d">2014-09-04</subfield>
    <subfield code="e">Material adquirido por donaci&#xF3;n</subfield>
    <subfield code="i">C1211701</subfield>
    <subfield code="l">0</subfield>
    <subfield code="o">530 P191gu e3</subfield>
    <subfield code="p">0997601</subfield>
    <subfield code="r">2023-05-02 00:00:00</subfield>
    <subfield code="t">29</subfield>
    <subfield code="w">2023-05-02</subfield>
    <subfield code="y">BOOK</subfield>
  </datafield>
  <datafield tag="952" ind1=" " ind2=" ">
    <subfield code="0">0</subfield>
    <subfield code="1">0</subfield>
    <subfield code="4">0</subfield>
    <subfield code="7">0</subfield>
    <subfield code="8">GENERAL</subfield>
    <subfield code="a">CARME</subfield>
    <subfield code="b">CARME</subfield>
    <subfield code="d">2014-08-26</subfield>
    <subfield code="e">Material adquirido por donaci&#xF3;n</subfield>
    <subfield code="i">C1210938</subfield>
    <subfield code="l">1</subfield>
    <subfield code="o">530 P191gu</subfield>
    <subfield code="p">0993847</subfield>
    <subfield code="r">2025-06-14 08:22:28</subfield>
    <subfield code="s">2025-06-12</subfield>
    <subfield code="t">30</subfield>
    <subfield code="w">2023-05-02</subfield>
    <subfield code="y">BOOK</subfield>
  </datafield>
  <datafield tag="952" ind1=" " ind2=" ">
    <subfield code="0">0</subfield>
    <subfield code="1">0</subfield>
    <subfield code="4">0</subfield>
    <subfield code="7">0</subfield>
    <subfield code="8">GENERAL</subfield>
    <subfield code="a">CARME</subfield>
    <subfield code="b">CARME</subfield>
    <subfield code="d">2014-08-26</subfield>
    <subfield code="e">Material adquirido por donaci&#xF3;n</subfield>
    <subfield code="i">C1210939</subfield>
    <subfield code="l">0</subfield>
    <subfield code="o">530 P191gu e2</subfield>
    <subfield code="p">0993852</subfield>
    <subfield code="r">2023-05-02 00:00:00</subfield>
    <subfield code="t">31</subfield>
    <subfield code="w">2023-05-02</subfield>
    <subfield code="y">BOOKR</subfield>
  </datafield>
  <datafield tag="952" ind1=" " ind2=" ">
    <subfield code="0">0</subfield>
    <subfield code="1">0</subfield>
    <subfield code="4">0</subfield>
    <subfield code="7">0</subfield>
    <subfield code="8">GENERAL</subfield>
    <subfield code="a">CARME</subfield>
    <subfield code="b">CARME</subfield>
    <subfield code="d">2014-08-26</subfield>
    <subfield code="e">Material adquirido por donaci&#xF3;n</subfield>
    <subfield code="i">C1210940</subfield>
    <subfield code="l">0</subfield>
    <subfield code="o">530 P191gu e3</subfield>
    <subfield code="p">0993853</subfield>
    <subfield code="r">2023-05-02 00:00:00</subfield>
    <subfield code="t">32</subfield>
    <subfield code="w">2023-05-02</subfield>
    <subfield code="y">BOOK</subfield>
  </datafield>
  <datafield tag="952" ind1=" " ind2=" ">
    <subfield code="0">0</subfield>
    <subfield code="1">0</subfield>
    <subfield code="4">0</subfield>
    <subfield code="7">0</subfield>
    <subfield code="8">GENERAL</subfield>
    <subfield code="a">BYARU</subfield>
    <subfield code="b">BYARU</subfield>
    <subfield code="d">2014-09-13</subfield>
    <subfield code="i">C1212348</subfield>
    <subfield code="l">0</subfield>
    <subfield code="o">530/p191gu</subfield>
    <subfield code="p">61000004227190</subfield>
    <subfield code="r">2023-05-02 00:00:00</subfield>
    <subfield code="t">33</subfield>
    <subfield code="w">2023-05-02</subfield>
    <subfield code="y">BOOK</subfield>
  </datafield>
  <datafield tag="952" ind1=" " ind2=" ">
    <subfield code="0">0</subfield>
    <subfield code="1">0</subfield>
    <subfield code="4">0</subfield>
    <subfield code="7">0</subfield>
    <subfield code="8">GENERAL</subfield>
    <subfield code="a">BYARU</subfield>
    <subfield code="b">BYARU</subfield>
    <subfield code="d">2014-09-13</subfield>
    <subfield code="i">C1212349</subfield>
    <subfield code="l">0</subfield>
    <subfield code="o">530/P191gu e2</subfield>
    <subfield code="p">61000004227220</subfield>
    <subfield code="r">2023-05-02 00:00:00</subfield>
    <subfield code="t">34</subfield>
    <subfield code="w">2023-05-02</subfield>
    <subfield code="y">BOOK</subfield>
  </datafield>
  <datafield tag="952" ind1=" " ind2=" ">
    <subfield code="0">0</subfield>
    <subfield code="1">0</subfield>
    <subfield code="4">0</subfield>
    <subfield code="7">0</subfield>
    <subfield code="8">GENERAL</subfield>
    <subfield code="a">BYARU</subfield>
    <subfield code="b">BYARU</subfield>
    <subfield code="d">2014-09-13</subfield>
    <subfield code="i">C1212350</subfield>
    <subfield code="l">0</subfield>
    <subfield code="o">530/p191gu e3</subfield>
    <subfield code="p">61000004227213</subfield>
    <subfield code="r">2023-05-02 00:00:00</subfield>
    <subfield code="t">35</subfield>
    <subfield code="w">2023-05-02</subfield>
    <subfield code="y">BOOK</subfield>
  </datafield>
  <datafield tag="952" ind1=" " ind2=" ">
    <subfield code="0">0</subfield>
    <subfield code="1">0</subfield>
    <subfield code="4">0</subfield>
    <subfield code="7">0</subfield>
    <subfield code="8">GENERAL</subfield>
    <subfield code="a">BOCCI</subfield>
    <subfield code="b">BOCCI</subfield>
    <subfield code="d">2014-09-13</subfield>
    <subfield code="e">Material adquirido por donaci&#xF3;n</subfield>
    <subfield code="i">C1212369</subfield>
    <subfield code="l">0</subfield>
    <subfield code="o">530 P191gu</subfield>
    <subfield code="p">89233</subfield>
    <subfield code="r">2023-05-02 00:00:00</subfield>
    <subfield code="t">36</subfield>
    <subfield code="w">2023-05-02</subfield>
    <subfield code="y">BOOK</subfield>
  </datafield>
  <datafield tag="952" ind1=" " ind2=" ">
    <subfield code="0">0</subfield>
    <subfield code="1">0</subfield>
    <subfield code="4">0</subfield>
    <subfield code="7">0</subfield>
    <subfield code="8">GENERAL</subfield>
    <subfield code="a">BOCCI</subfield>
    <subfield code="b">BOCCI</subfield>
    <subfield code="d">2014-09-13</subfield>
    <subfield code="e">Material adquirido por donaci&#xF3;n</subfield>
    <subfield code="i">C1212370</subfield>
    <subfield code="l">0</subfield>
    <subfield code="o">530 P191gu e2</subfield>
    <subfield code="p">89234</subfield>
    <subfield code="r">2023-05-02 00:00:00</subfield>
    <subfield code="t">37</subfield>
    <subfield code="w">2023-05-02</subfield>
    <subfield code="y">BOOKR</subfield>
  </datafield>
  <datafield tag="952" ind1=" " ind2=" ">
    <subfield code="0">0</subfield>
    <subfield code="1">0</subfield>
    <subfield code="4">0</subfield>
    <subfield code="7">0</subfield>
    <subfield code="8">GENERAL</subfield>
    <subfield code="a">BOCCI</subfield>
    <subfield code="b">BOCCI</subfield>
    <subfield code="d">2014-09-13</subfield>
    <subfield code="e">Material adquirido por donaci&#xF3;n</subfield>
    <subfield code="i">C1212371</subfield>
    <subfield code="l">0</subfield>
    <subfield code="o">530 P191gu e3</subfield>
    <subfield code="p">89235</subfield>
    <subfield code="r">2023-05-02 00:00:00</subfield>
    <subfield code="t">38</subfield>
    <subfield code="w">2023-05-02</subfield>
    <subfield code="y">BOOK</subfield>
  </datafield>
  <datafield tag="952" ind1=" " ind2=" ">
    <subfield code="0">0</subfield>
    <subfield code="1">0</subfield>
    <subfield code="4">0</subfield>
    <subfield code="7">0</subfield>
    <subfield code="8">GENERAL</subfield>
    <subfield code="a">CENDI</subfield>
    <subfield code="b">CENDI</subfield>
    <subfield code="d">2015-03-16</subfield>
    <subfield code="i">C1222916</subfield>
    <subfield code="l">0</subfield>
    <subfield code="o">A 06191 e6</subfield>
    <subfield code="p">790285</subfield>
    <subfield code="r">2025-01-29 00:00:00</subfield>
    <subfield code="t">39</subfield>
    <subfield code="w">2023-05-02</subfield>
    <subfield code="y">BOOK</subfield>
  </datafield>
  <datafield tag="952" ind1=" " ind2=" ">
    <subfield code="0">0</subfield>
    <subfield code="1">0</subfield>
    <subfield code="4">0</subfield>
    <subfield code="7">0</subfield>
    <subfield code="8">GENERAL</subfield>
    <subfield code="a">SCDM</subfield>
    <subfield code="b">SCDM</subfield>
    <subfield code="d">2018-10-09</subfield>
    <subfield code="i">C1297360</subfield>
    <subfield code="l">0</subfield>
    <subfield code="o">530 P191gu e4</subfield>
    <subfield code="p">01045284</subfield>
    <subfield code="r">2023-05-02 00:00:00</subfield>
    <subfield code="t">40</subfield>
    <subfield code="w">2023-05-02</subfield>
    <subfield code="y">BOOK</subfield>
  </datafield>
  <datafield tag="952" ind1=" " ind2=" ">
    <subfield code="0">0</subfield>
    <subfield code="1">0</subfield>
    <subfield code="4">0</subfield>
    <subfield code="7">0</subfield>
    <subfield code="8">GENERAL</subfield>
    <subfield code="a">SCDM</subfield>
    <subfield code="b">SCDM</subfield>
    <subfield code="d">2018-10-09</subfield>
    <subfield code="i">C1297361</subfield>
    <subfield code="l">0</subfield>
    <subfield code="o">530 P191gu e5</subfield>
    <subfield code="p">01045285</subfield>
    <subfield code="r">2023-05-02 00:00:00</subfield>
    <subfield code="t">41</subfield>
    <subfield code="w">2023-05-02</subfield>
    <subfield code="y">BOOK</subfield>
  </datafield>
  <datafield tag="952" ind1=" " ind2=" ">
    <subfield code="0">0</subfield>
    <subfield code="1">0</subfield>
    <subfield code="4">0</subfield>
    <subfield code="7">0</subfield>
    <subfield code="8">GENERAL</subfield>
    <subfield code="a">SCDM</subfield>
    <subfield code="b">SCDM</subfield>
    <subfield code="d">2018-10-09</subfield>
    <subfield code="i">C1297362</subfield>
    <subfield code="l">0</subfield>
    <subfield code="o">530 P191gu e6</subfield>
    <subfield code="p">01045286</subfield>
    <subfield code="r">2023-05-02 00:00:00</subfield>
    <subfield code="t">42</subfield>
    <subfield code="w">2023-05-02</subfield>
    <subfield code="y">BOOK</subfield>
  </datafield>
  <datafield tag="952" ind1=" " ind2=" ">
    <subfield code="0">0</subfield>
    <subfield code="1">0</subfield>
    <subfield code="4">0</subfield>
    <subfield code="7">0</subfield>
    <subfield code="8">GENERAL</subfield>
    <subfield code="a">SCDM</subfield>
    <subfield code="b">SCDM</subfield>
    <subfield code="d">2018-10-09</subfield>
    <subfield code="i">C1297363</subfield>
    <subfield code="l">1</subfield>
    <subfield code="o">530 P191gu e7</subfield>
    <subfield code="p">01045287</subfield>
    <subfield code="r">2025-06-17 08:06:31</subfield>
    <subfield code="s">2024-02-27</subfield>
    <subfield code="t">43</subfield>
    <subfield code="w">2023-05-02</subfield>
    <subfield code="y">BOOK</subfield>
  </datafield>
  <datafield tag="952" ind1=" " ind2=" ">
    <subfield code="0">0</subfield>
    <subfield code="1">0</subfield>
    <subfield code="4">0</subfield>
    <subfield code="7">0</subfield>
    <subfield code="8">GENERAL</subfield>
    <subfield code="a">SCDM</subfield>
    <subfield code="b">SCDM</subfield>
    <subfield code="d">2018-10-09</subfield>
    <subfield code="i">C1297364</subfield>
    <subfield code="l">0</subfield>
    <subfield code="o">530 P191gu e8</subfield>
    <subfield code="p">01045288</subfield>
    <subfield code="r">2023-05-02 00:00:00</subfield>
    <subfield code="t">44</subfield>
    <subfield code="w">2023-05-02</subfield>
    <subfield code="y">BOOK</subfield>
  </datafield>
  <datafield tag="952" ind1=" " ind2=" ">
    <subfield code="0">0</subfield>
    <subfield code="1">0</subfield>
    <subfield code="4">0</subfield>
    <subfield code="7">0</subfield>
    <subfield code="8">GENERAL</subfield>
    <subfield code="a">ANDES</subfield>
    <subfield code="b">ANDES</subfield>
    <subfield code="d">2018-10-23</subfield>
    <subfield code="i">C1298535</subfield>
    <subfield code="l">0</subfield>
    <subfield code="o">530 P191gu e4</subfield>
    <subfield code="p">1020110</subfield>
    <subfield code="r">2023-05-02 00:00:00</subfield>
    <subfield code="t">45</subfield>
    <subfield code="w">2023-05-02</subfield>
    <subfield code="y">BOOK</subfield>
  </datafield>
  <datafield tag="952" ind1=" " ind2=" ">
    <subfield code="0">0</subfield>
    <subfield code="1">0</subfield>
    <subfield code="4">0</subfield>
    <subfield code="7">0</subfield>
    <subfield code="8">GENERAL</subfield>
    <subfield code="a">ANDES</subfield>
    <subfield code="b">ANDES</subfield>
    <subfield code="d">2018-10-23</subfield>
    <subfield code="i">C1298536</subfield>
    <subfield code="l">0</subfield>
    <subfield code="o">530  P191gu e5</subfield>
    <subfield code="p">1020111</subfield>
    <subfield code="r">2023-05-02 00:00:00</subfield>
    <subfield code="t">46</subfield>
    <subfield code="w">2023-05-02</subfield>
    <subfield code="y">BOOK</subfield>
  </datafield>
  <datafield tag="952" ind1=" " ind2=" ">
    <subfield code="0">0</subfield>
    <subfield code="1">0</subfield>
    <subfield code="4">0</subfield>
    <subfield code="7">0</subfield>
    <subfield code="8">GENERAL</subfield>
    <subfield code="a">ANDES</subfield>
    <subfield code="b">ANDES</subfield>
    <subfield code="d">2018-11-16</subfield>
    <subfield code="i">C1300100</subfield>
    <subfield code="l">0</subfield>
    <subfield code="o">530 P191gu e6</subfield>
    <subfield code="p">01066010</subfield>
    <subfield code="r">2023-05-02 00:00:00</subfield>
    <subfield code="t">47</subfield>
    <subfield code="w">2023-05-02</subfield>
    <subfield code="y">BOOK</subfield>
  </datafield>
</record>
